Normal view
MARC view
- Military Logistics The third Dimension
Entry Topical Term
001 - CONTROL NUMBER
- control field: 126012
003 - CONTROL NUMBER IDENTIFIER
- control field: NUST
005 - DATE AND TIME OF LATEST TRANSACTION
- control field: 20240924094308.0
008 - FIXED-LENGTH DATA ELEMENTS
- fixed length control field: 240924|| aca||aabn | a|a d
040 ## - CATALOGING SOURCE
- Original cataloging agency: NUST
- Transcribing agency: NUST
150 ## - HEADING--TOPICAL TERM
- Topical term or geographic name entry element: Military Logistics The third Dimension
670 ## - SOURCE DATA FOUND
- Source citation: Work cat.: (NUST): Brig. Parodh Sarin 126011, Military Logistics The third Dimension , 2000.
